Основные течения американской мысли. Т. 3: Возникновение критического реализма в Америке. (1860-1920) (Запись № 9480570)

Подробности
000 -МАРКЕР
контрольное поле 01556nam2a22002531 4500
001 - ИДЕНТИФИКАТОР ЗАПИСИ
контрольное поле rc\4727461
005 - ИДЕНТИФИКАТОР ВЕРСИИ
контрольное поле 20250612163611.0
035 ## - ДРУГИЕ СИСТЕМНЫЕ НОМЕРА
Идентификатор записи (NLR Aleph) 008731709
100 ## - ДАННЫЕ ОБЩЕЙ ОБРАБОТКИ
Данные общей обработки 20130416d1963 |||y0rusy50 ca
101 1# - ЯЗЫК РЕСУРСА
Язык текста, звукозаписи и т.д. русский
Язык оригинала английский
102 ## - СТРАНА ПУБЛИКАЦИИ ИЛИ ПРОИЗВОДСТВА
Страна публикации Российская Федерация
105 ## - ПОЛЕ КОДИРОВАННЫХ ДАННЫХ: ТЕКСТОВЫЕ МАТЕРИАЛЫ, МОНОГРАФИЧЕСКИЕ
Кодированные данные о монографическом текстовом документе y z |||||
200 1# - ЗАГЛАВИЕ И СВЕДЕНИЯ ОБ ОТВЕТСТВЕННОСТИ
Основное заглавие Возникновение критического реализма в Америке. (1860-1920)
Первые сведения об ответственности [Вступ. статья Э.Х. Эйби
Последующие сведения об ответственности Коммент. А. Мулярчика]
210 ## - ПУБЛИКАЦИЯ, РАСПРОСТРАНЕНИЕ И ДР.
Дата издания, распространения и т.д. 1963
Место издания, распространения и т.д. Б. м.
215 ## - ФИЗИЧЕСКАЯ ХАРАКТЕРИСТИКА
Специфическое обозначение материала и объем 603 с.
461 #0 - УРОВЕНЬ НАБОРА
Встроенное поле 001rc\4727458
-- 2001#$aОсновные течения американской мысли$eАмер. литература со времени ее возникновения до 1920 г.$eВ 3 т.$eПер. с англ.$f[Ред. и коммент. В. Маликова$gВступ. статья Р. Самарина, с. 5-30]. Т. 1-3$vТ. 3
-- 700#1$aПаррингтон$bВ.Л.$f1871-1929$gВернон Луис
Системный номер (АБИС) связанной записи 9480554
Автор Паррингтон, В.Л. (1871-1929)
Место публикации Москва
Дата публикации 1962-1963
Первые сведения об ответственности [Ред. и коммент. В. Маликова
Имя издателя, распространителя и т.д. Изд-во иностр. лит.
Сведения, относящиеся к заглавию Амер. литература со времени ее возникновения до 1920 г. : В 3 т. : Пер. с англ.
Физическая характеристика 3 т.
Заглавие Основные течения американской мысли
Номер тома Т. 3
702 #1 - ИМЯ ЛИЦА - ВТОРИЧНАЯ ОТВЕТСТВЕННОСТЬ
Начальный элемент ввода Мулярчик
Часть имени, кроме начального элемента ввода А.
Код отношения Комментатор печатного текста
702 #1 - ИМЯ ЛИЦА - ВТОРИЧНАЯ ОТВЕТСТВЕННОСТЬ
Начальный элемент ввода Эйби
Часть имени, кроме начального элемента ввода Э.Х.
Код отношения Автор введения, предисловия, примечания и т.п.
801 #0 - ИСТОЧНИК ЗАПИСИ
Страна Российская Федерация
Организация NLR
Правила каталогизации psbo
801 #1 - ИСТОЧНИК ЗАПИСИ
Страна Российская Федерация
Организация ELAR
Источник данных rusmarc
852 ## - МЕСТОНАХОЖДЕНИЕ И ШИФР ХРАНЕНИЯ
Идентификатор организации NLR
Шифр хранения (Call Number) 62-5/2377
942 ## - ДОПОЛНИТЕЛЬНЫЕ ЭЛЕМЕНТЫ ЗАПИСИ (АБИС)
Тип экземпляра АБИС Книга
980 ## - КОЛЛЕКЦИЯ
Название коллекции Национальная библиография
Экземпляры
Тип экземпляра Дата поступления Библиотека постоянного хранения Библиотека текущего хранения Место хранения Шифр хранения Штрих-код Статус экземпляра Нумерация / хронология для периодики
Книга 26.10.2013 РНБ (Московский) РНБ (Московский) Русский книжный фонд: издания с 1957 года 62-5/2377 1-2036222    
Книга 10.05.2018 РНБ (Московский) РНБ (Московский) Русский книжный фонд: издания с 1957 года 62-5/2377 1-2197610    
Книга 11.05.2018 РНБ (Садовая) РНБ (Садовая) Фонд научного зала литературы и искусства Нз Ш5(7США)/П-185 1-334145   1963, 19